Military Power Flags - Statistics

General Stats
  • This quiz has been taken 29 times
  • The average score is 20 of 24
Answer Stats
Question Tile Select % Correct
Who has the most military power? No
96%
Who has the most military power? No
96%
Who has the most military power? Yes
96%
Who has the most military power? No
96%
Who has the most military power? No
96%
Who has the most military power? No
96%
Who has the most military power? No
96%
Who has the most military power? Yes
96%
Who has the most military power? No
96%
Who has the most military power? No
96%
Who has the most military power? Yes
92%
Who has the most military power? No
92%
Who has the most military power? No
92%
Who has the most military power? Yes
88%
Who has the most military power? No
88%
Who has the most military power? No
88%
Who has the most military power? No
84%
Who has the most military power? No
84%
Who has the most military power? No
80%
Who has the most military power? No
76%
Who has the most military power? Yes
72%
Who has the most military power? Yes
64%
Who has the most military power? No
36%
Who has the most military power? Yes
28%
No matching quizzes found
Score Distribution
Percent of People with Each Score
Percentile by Number Answered
Your Score History
You have not taken this quiz